• 首页
  • 本馆介绍
  • 公告通知
  • 最新文献
  • 馆藏检索
  • 电子资源
  • 读者导购
  • 参考咨询
  • 我的图书馆
  • 登录
  • 详细信息显示
  • 放入我的书架
  • 预约/预借图书
  • 作者相关作品
  • 分类相关作品
  • 丛书相关作品
  • 出版社相关作品

书目信息

  • 表格格式
  • 工作单格式
  • 卡片格式
题名:
《菊与刀》新探
    
 
作者: 森贞彦 著 ;王宣琦 译
分册:  
出版信息: 武汉   武汉大学出版社  2007
页数: 165页
开本: 23cm
丛书名: 东亚文化研究书系
单 册:
中图分类: G131.32
科图分类:
主题词: 文化--研究--日本 , 民族心理--研究--日本 , 文化 , 民族心理
电子资源:
ISBN: 978-7-307-05878-1
000 01065oam2 2200301 450
001 1155844734
005 20111005153218.85
010    @a978-7-307-05878-1@dCNY15.00
100    @a20071221d2007 em y0chiy50 ea
101 1  @achi@cjpn
102    @aCN@b420000
105    @ay z 000yy
200 1  @a《菊与刀》新探@A《 ju yu dao 》 xin tan@f(日)森贞彦著@g王宣琦译
210    @a武汉@c武汉大学出版社@d2007
215    @a165页@d23cm
225 2  @a东亚文化研究书系
305    @a经北京版权代理有限责任公司代理,由东京图书出版会授权出版
330    @a本书分十章介绍了《菊与刀》的形成、开拓未知的世界、模具与地图、强制力与原动力、比较文化的视点、“人情世故”一章的作用、羞耻感的文化、日本人的独创性、“菊”与“刀”、贝尼迪克特的失策。
461  0 @12001 @a东亚文化研究书系
606 0  @a文化@x研究@y日本
606 0  @a民族心理@x研究@y日本
606 0  @a文化
606 0  @a民族心理
690    @aG131.32@v4
701  0 @c(日)@a森贞彦@Asen zhen yan@f(1932~)@4著
702  0 @a王宣琦@Awang xuan qi@4译
801  0 @aCN@bNLC@c20101222
905    @a10447@dG131.32@eJY85
    
    《菊与刀》新探/(日)森贞彦著/王宣琦译.-武汉:武汉大学出版社,2007
    165页;23cm.-(东亚文化研究书系)
    
    
    ISBN 978-7-307-05878-1:CNY15.00
    本书分十章介绍了《菊与刀》的形成、开拓未知的世界、模具与地图、强制力与原动力、比较文化的视点、“人情世故”一章的作用、羞耻感的文化、日本人的独创性、“菊”与“刀”、贝尼迪克特的失策。
●
相关链接 在E读中查询图书 在五车中查询图书 在当当中查询图书 在豆瓣中查询图书


正题名:《菊与刀》新探     索取号:G131.32/JY85         预约/预借

序号 登录号 条形码 馆藏地/架位号 状态 备注
1 7814549   278145491   学院路分馆/ [索取号:G131.32/JY85] 在馆    
2 7814550   278145507   学院路分馆/ [索取号:G131.32/JY85] 在馆    
唐山师范学院图书馆 欢迎您!
大连网信软件有限公司© 版权所有